Internal-combustion engines (Record no. 20584)

000 -LEADER
fixed length control field 00522nam a22001931 4500
001 - CONTROL NUMBER
control field 20584
003 - CONTROL NUMBER IDENTIFIER
control field BD-DhUET
008 - FIXED-LENGTH DATA ELEMENTS--GENERAL INFORMATION
fixed length control field 750306s1945 nyua b 000 0 eng
040 ## - CATALOGING SOURCE
Original cataloging agency DLC
Transcribing agency DLC
Modifying agency BD-DhUET
082 ## - DEWEY DECIMAL CLASSIFICATION NUMBER
Classification number 621.43
Item number MAL/1945
100 ## - MAIN ENTRY--PERSONAL NAME
Personal name Maleev, V. L.
245 10 - TITLE STATEMENT
Title Internal-combustion engines
Remainder of title theory and design
250 ## - EDITION STATEMENT
Edition statement 2nd ed.
260 ## - PUBLICATION, DISTRIBUTION, ETC. (IMPRINT)
Place of publication, distribution, etc. London
Name of publisher, distributor, etc. McGraw-Hill
Date of publication, distribution, etc. 1945
300 ## - PHYSICAL DESCRIPTION
Extent xii, 636 p.
Other physical details ill.
Dimensions 22 cm.
504 ## - BIBLIOGRAPHY, ETC. NOTE
Bibliography, etc Includes bibliographies
650 #0 - SUBJECT ADDED ENTRY--TOPICAL TERM
Topical term or geographic name as entry element Internal combustion engines
942 ## - ADDED ENTRY ELEMENTS (KOHA)
Koha item type General Book
Holdings
Location (home branch) Price effective from Not for loan Shelving location Koha item type Koha normalized classification for sorting Source of classification or shelving scheme Koha full call number Damaged status Koha date last seen Date acquired Copy number Lost status Sublocation or collection (holding branch) Withdrawn status Piece designation (barcode)
Central Library, BUET2015-04-12 Circulation sectionGeneral Book621_430000000000000_MAL_1945 621.43/MAL/1945 2015-04-122015-04-121 Central Library, BUET 20397
Central Library, BUET2015-04-13 Circulation sectionGeneral Book621_430000000000000_MAL_1945 621.43/MAL/1945 2015-04-132015-04-132 Central Library, BUET 6558
Central Library, BUET2015-04-13 Circulation sectionGeneral Book621_430000000000000_MAL_1945 621.43/MAL/1945 2015-04-132015-04-133 Central Library, BUET 1951a
Central Library, BUET2015-04-18 Circulation sectionGeneral Book621_430000000000000_MAL_1945 621.43/MAL/1945 2015-04-182015-04-184 Central Library, BUET 11309
Central Library, BUET2015-06-16 Reading sectionReading Item621_430000000000000_MAL_1945 621.43/MAL/1945 2015-06-162015-06-165 Central Library, BUET 43348
Central Library, BUET2015-06-30 Reading sectionReading Item621_430000000000000_MAL_1945 621.43/MAL/1945 2015-06-302015-06-306 Central Library, BUET 16327
Central Library, BUET2015-07-02 Reading sectionReading Item621_430000000000000_MAL_1945 621.43/MAL/1945 2015-07-022015-07-027 Central Library, BUET 43347